Szczegóły MARC21

Ludzie "systemu" i ludzie "problemu" : wieczna wojna w teatrze życia naukowego /

003 -Nazwa inst., której nr kontr. jest w polu 001 [,]
    • @
    • Nazwa instytucji, której n kontrolny jest w polu 001
    • NUKAT
005 -DATA I CZAS OSTATNIEJ MODYFIKACJI [,]
    • @
    • pole kontrolne
    • 20241231112849.0
020 -Międzynarod. znormalizowany nr książki - ISBN [ , ]
    • a
    • Numer ISBN
    • 8387345563 Find
040 -Instytucja sporządzająca opis [ , ]
    • a
    • Instytucja, która sporządziła opis (NP)
    • KR 93/MD
    • c
    • Instytucja, która sporządziła rekord (NP)
    • KR 93/MD
    • d
    • Instytucja, która zmodyfikowała rekord (P)
    • KR 93/ZP
    • d
    • Instytucja, która zmodyfikowała rekord (P)
    • KR 93/KKs
942 -Rodzaj dokumentu [ , ]
    • c
    • Rodzaj dokumentu
    • Książka
100 -Hasło główne - nazwa osobowa [1, ]
    • a
    • Nazwa osobowa (NP)
    • Goćkowski, Janusz
    • d
    • Daty biograficzne (NP)
    • (1935-2010).
    • 9
    • KHW
    • 17845
245 -Strefa tytułu i oznaczenia odpowiedzialności [1,0]
    • a
    • Tytuł
    • Ludzie "systemu" i ludzie "problemu" : Find
    • b
    • Ciąg dalszy tytułu (NP)
    • wieczna wojna w teatrze życia naukowego / Find
    • c
    • Pozostałe elementy strefy tytułu i oznaczenia odpowiedzialności (NP)
    • Janusz Goćkowski.
260 -Strefa adresu wydawniczego [ , ]
    • a
    • Miejsce wydania (P)
    • Kraków :
    • b
    • Nazwa wydawcy (P)
    • Wydawnictwo i Drukarnia "Secesja",
    • c
    • Data wydania (P)
    • 2000.
300 -Strefa opisu fizycznego [ , ]
    • a
    • Określenie formy książki i/lub objętość (NP)
    • 178 s. ;
    • c
    • Format (NP)
    • 24 cm.
336 -Typ zawartości [ , ]
    • a
    • Termin opisujący typ zawartości
    • Tekst
    • b
    • Kod określający zawartość
    • txt
    • 2
    • Źródło (terminu i kodu)
    • rdacontent
337 -Typ mediów [ , ]
    • a
    • Tryb odtwarzania
    • Bez urządzenia pośredniczącego
    • b
    • Kod typu mediów
    • n
    • 2
    • Źródło (terminu i kodu)
    • rdamedia
338 -Typ/rodzaj nośnika [ , ]
    • a
    • Hasło opisujące typ nośnika
    • Wolumin
    • b
    • Kod typu nośnika
    • nc
    • 2
    • Źródło (terminu i kodu)
    • rdacarrier
500 -Uwaga ogólna [ , ]
    • a
    • Uwaga ogólna (NP)
    • Stanowi kontynuację rozważań autora, zawartych w książkach: Autorytety świata uczonych (Warszawa 1984), Ethos nauki i role uczonych (Kraków 1996), Uniwersytet i tradycja w nauce (Kraków 1999).
080 -Uniwersalna Klasyfikacja Dziesiętna [ , ]
    • 2
    • Identyfikator wydania tablic
    • UDC-P022
    • a
    • Symbol klasyfikacji
    • 316.2
    • b
    • Dopowiedzenie
    • Poglądy, kierunki i szkoły socjologiczne.
    • x
    • Poddział wspólny
    • (438)
    • b
    • Dopowiedzenie
    • (Polska).
    • x
    • Poddział wspólny
    • "19"
080 -Uniwersalna Klasyfikacja Dziesiętna [ , ]
    • 2
    • Identyfikator wydania tablic
    • UDC-P058
    • a
    • Symbol klasyfikacji
    • 001:316.74
    • b
    • Dopowiedzenie
    • Socjologia nauki. Socjologia wiedzy.
600 -Hasło przedmiotowe w formie nazwy osobowej [1,7]
    • a
    • Nazwa osobowa
    • Znaniecki, Florian
    • d
    • Daty związane z nazwą
    • (1882-1958)
    • x
    • Określnik rzeczowy
    • krytyka i interpretacja.
    • 2
    • Źródło terminu
    • kaba
    • 9
    • KHW
    • 374681
650 -Hasło przedmiotowe [ ,7]
    • a
    • Hasło przedmiotowe
    • Socjologia wiedzy.
    • 2
    • Źródło terminu
    • kaba
    • 9
    • KHW
    • 130437
980 -Symbol UKD [ , ]
    • a
    • UKD
    • 316.2(438)"19"Znaniecki Florian:001:316.74
710 -Hasło dodatkowe - nazwa ciała zbiorowego [2, ]
    • a
    • Nazwa ciała zbiorowego lub nazwa geograficzna jako pierwszy element (NP)
    • Wydawnictwo i Drukarnia "Secesja".
    • 4
    • Kod relacji
    • pbl
    • 9
    • KHW
    • 79366
920 -ISBN [ , ]
    • a
    • ISBN
    • 83-87345-56-3 Find
Lokalizacja Data inwentaryzacji Status udost. Numer inwentarzowy
BG2007-06-281Pd.18586